La regla moral en las obligaciones civiles /

Bibliographic Details
Main Author: Ripert, Georges, 1880-1958 (Author)
Other Authors: Valencia Estrada, Carlos (Translator)
Format: Electronic eBook
Language:Spanish
German
Published: Santiago, Chile : Bogotá, Colombia : Ediciones Olejnik ; Grupo Editorial Ibañez, [2017]
Series:Biblioteca de derecho privado.
Subjects:
Online Access:Digitalia Hispánica

MARC

LEADER 00000nam a2200000Ii 4500
001 DIGOLEJNK0446
003 NyNyDIG
006 m o d
007 cr |||||||||||
008 220529s2017 cl ob 000 0 spa d
035 |a (OCoLC)1335130158 
040 |a DGITA  |b eng  |e rda  |e pn  |c DGITA 
041 1 |a spa  |h ger 
020 |z 9789567799848 
043 |a e-fr--- 
050 1 4 |a KJV1539 ebook 
100 1 |a Ripert, Georges,  |d 1880-1958,  |e author. 
240 1 0 |a Règle morale dans les obligations civiles.  |l Spanish  |s (Valencia Estrada) 
245 1 3 |a La regla moral en las obligaciones civiles /  |c Georges Ripert ; traducción directa de la última edición francesa, Carlos Valencia Estrada. 
264 1 |a Santiago, Chile :  |b Ediciones Olejnik ;  |a Bogotá, Colombia :  |b Grupo Editorial Ibañez,  |c [2017] 
300 |a 1 online resource. 
336 |a text  |b txt  |2 rdacontent 
337 |a computer  |b c  |2 rdamedia 
338 |a online resource  |b cr  |2 rdacarrier 
347 |a text file  |2 rdaft 
347 |b PDF 
490 1 |a Biblioteca de derecho privado 
588 0 |a Online resource; title from PDF title page (Digitalia, viewed May 29, 2022) 
650 0 |a Obligations (Law)  |z France. 
650 0 |a Contracts  |z France. 
655 0 |a Electronic books. 
700 1 |a Valencia Estrada, Carlos,  |e translator. 
700 1 |i Translation of:  |a Ripert, Georges,  |d 1880-1958.  |t Règle morale dans les obligations civiles. 
791 2 |a Digitalia (Firm),  |e distributor. 
793 0 |g Digitalia eBook Collection:  |a Ediciones Olejnik 
776 0 8 |i Print version:  |a Ripert, Georges, 1880-1958.  |s Règle morale dans les obligations civiles. Spanish (Valencia Estrada).  |t Regla moral en las obligaciones civiles.  |d Santiago, Chile : Ediciones Olejnik ; Bogotá, Colombia : Grupo Editorial Ibañez, 2017  |z 9789567799848 
830 0 |a Biblioteca de derecho privado. 
856 4 0 |3 Digitalia Hispánica  |u https://www.digitaliapublishing.com/a/105292/ 
910 |a Premium collection: 2022